Vizualizačný model mutačných signatúr v ľudskom genóme

Gespeichert in:
Bibliographische Detailangaben
1. Verfasser: Adamcová, Michaela (Verfasst von)
Weitere Verfasser: Sliacky, Ján (Betreuung Doktorarbeit)
Format: Manuskript Buch
Sprache:Slowakisch
Veröffentlicht: 2024
Schlagworte:
Online-Zugang:http://is.stuba.sk/zp/portal_zp.pl?podrobnosti=177034
Tags: Tag hinzufügen
Keine Tags, Fügen Sie das erste Tag hinzu!

MARC

LEADER 00000ntm a22000003a 4500
001 stuzp100096
003 SK-STU
005 20240608213311.1
007 ta
008 150427s2015----xo-----f-mn---000-0-slo-d
040 |a STU  |b slo 
041 0 |a slo 
100 1 |a Adamcová, Michaela  |u 070200  |4 aut  |U FIIT Fakulta informatiky a informačných technológií  |T FIIT Ústav informatiky, informačných systémov a softvérového inžinierstva  |X 102841  |U I200  |Y 179  |7 102841 
242 0 1 |a A Visualization Model of Mutational Signatures in the Human Genome  |y eng 
245 1 0 |a Vizualizačný model mutačných signatúr v ľudskom genóme 
260 |c 2024 
650 4 |a vizualizácia  |2 slo 
650 4 |a ľudský genóm  |2 slo 
650 4 |a mutačné signatúry  |2 slo 
650 4 |a visualization  |2 eng 
650 4 |a human genome  |2 eng 
650 4 |a mutational signatures  |2 eng 
700 1 |a Sliacky, Ján  |u 070200  |k Z8  |4 ths  |U FIIT Fakulta informatiky a informačných technológií  |T FIIT Ústav informatiky, informačných systémov a softvérového inžinierstva  |X 117515  |U I200  |Y 179  |7 117515 
856 4 |u http://is.stuba.sk/zp/portal_zp.pl?podrobnosti=177034